000 00477cam a22001097a 4500
008 180718b1972 xxu||||| |||| 00| 0 eng d
082 _aTooo C737
245 _aMemorandum on a community policy on development cooperation: synoptic and programme for initial actions
_cby Commission of the European Communities
260 _aLuxembourg
_bOffice for Official Publications of the European Communities
_c1972
300 _a304p
700 _aEurope. Commission of the European Communities
999 _c496649
_d496649